| 000 | 00838nam a2200253 a 4500 | ||
|---|---|---|---|
| 008 | |||
| 020 | _a9221020827 (pbk.) | ||
| 049 | _aMAIN | ||
| 050 | 0 | 0 |
_aHD30.28 _fABR |
| 100 | 1 | _aAbramson, Robert. | |
| 245 | 1 | 0 |
_aPlanning for improved enterprise performance : _ba guide for managers and consultants / _cRobert Abramson and Walter Halset. |
| 260 |
_aGeneva : _bInternational Labour Office, _c1979. |
||
| 300 |
_avii, 178 p. : _bill. ; _c24 cm. |
||
| 440 | 0 |
_aManagement development series ; _vno. 15 |
|
| 504 | _aIncludes bibliographical references : p. 175-178. | ||
| 650 | 0 | _aOrganizational change. | |
| 650 | 0 | _aBusiness planning. | |
| 700 | 1 | _aHalset, Walter. | |
| 907 |
_a.b10081240 _b11-07-03 _c10-07-03 |
||
| 003 | |||
| 005 | 20230123133327.0 | ||
| 040 | _cNUST | ||
| 942 | _cBOOKS | ||
| 999 |
_c146663 _d146663 |
||